000 00401nmm a2200145Ia 4500
008 251105s9999||||xx |||||||||||||||||und||
041 _aspa
100 _aNievas, Bruno
245 0 _aHolocausto Manhattan
264 _a[Madrid, España] :
_bEdiciones B,
_c2015
300 _a488 páginas
650 _aThriller & Suspense
856 _uhttps://public.digitaliapublishing.com/a/53974
942 _cCF
999 _c105572
_d105572